Führer für Sammler von Porzellan und Fayence (Record no. 7248)

MARC details
000 -CABECERA
campo de control de longitud fija 00941nam a2200253 a 4500
001 - NÚMERO DE CONTROL
campo de control BRCA_7574
005 - FECHA Y HORA DE LA ÚLTIMA TRANSACCIÓN
campo de control 20190320205909.0
008 - DATOS DE LONGITUD FIJA--INFORMACIÓN GENERAL
campo de control de longitud fija 140613s1958----gw-a###f##---#000-0#ger-#
041 ## - CÓDIGO DE LENGUA
Código de lengua del texto/banda sonora o título independiente ger
044 ## - CÓDIGO DEL PAÍS DE LA ENTIDAD EDITORA/PRODUCTORA
Código MARC del país gw
050 #4 - SIGNATURA TOPOGRÁFICA DE LA BIBLIOTECA DEL CONGRESO
Número de clasificación NK4215
Número de documento/Ítem .G73 1958
100 1# - ENTRADA PRINCIPAL--NOMBRE DE PERSONA
Nombre de persona Graese, J. G. Th.
9 (RLIN) 18684
245 10 - MENCIÓN DE TÍTULO
Título Führer für Sammler von Porzellan und Fayence
Resto del título steinzeug, steingut usw
Mención de responsabilidad, etc. J. G. Th. Graesse & E. Jaennicke ; vollstandig umgearbeitet, vermehrt und mit Wissenschaftlichen belegen, erlauterungen uns registern ausgestattet von E. Zimmermann.
260 ## - PUBLICACIÓN, DISTRIBUCIÓN, ETC.
Lugar de publicación, distribución, etc. Brunswick
Nombre del editor, distribuidor, etc. Klinkhardt & Biermann
Fecha de publicación, distribución, etc. 1958
300 ## - DESCRIPCIÓN FÍSICA
Extensión 417 p.
Otras características físicas il.
Dimensiones 25 cm.
500 ## - NOTA GENERAL
Nota general Ver también A117 (ed. 1915)
500 ## - NOTA GENERAL
Nota general S64
650 14 - PUNTO DE ACCESO ADICIONAL DE MATERIA--TÉRMINO DE MATERIA
Término de materia o nombre geográfico como elemento de entrada Marcas de cerámica
9 (RLIN) 7225
650 14 - PUNTO DE ACCESO ADICIONAL DE MATERIA--TÉRMINO DE MATERIA
Término de materia o nombre geográfico como elemento de entrada Cerámica
Subdivisión general Coleccionistas y colecciones
9 (RLIN) 7526
700 1# - PUNTO DE ACCESO ADICIONAL--NOMBRE DE PERSONA
Nombre de persona Jaennicke, E.
Fechas asociadas al nombre 1866-1940
Término indicativo de función/relación coaut.
9 (RLIN) 18685
700 1# - PUNTO DE ACCESO ADICIONAL--NOMBRE DE PERSONA
Nombre de persona Zimmermann, Ernst
Fechas asociadas al nombre 1866-1940
Término indicativo de función/relación ed.
9 (RLIN) 7233
902 ## - CATALOGADOR
Iniciales GFM
942 ## - ELEMENTOS DE PUNTO DE ACCESO ADICIONAL (KOHA)
Fuente del sistema de clasificación o colocación Library of Congress Classification
Tipo de ítem Koha Libros
Holdings
Estado de retiro Estado de pérdida Estado dañado No para préstamo Localización permanente Ubicación/localización actual Fecha de adquisición Número de inventario Total de préstamos Signatura topográfica completa Código de barras Fecha visto por última vez Precio válido a partir de Tipo de ítem Koha
El ejemplar forma parte de la colección y puede ser consultado según las políticas vigentes.       Biblioteca del Museo Franz Mayer (Rogerio Casas-Alatriste) Biblioteca del Museo Franz Mayer (Rogerio Casas-Alatriste) 14/06/2013 S64   NK4215 .G73 1958 (S64) 8182 22/03/2019 22/03/2019 Libros